000 00271nam a2200109Ia 4500
001 1268559
005 20260417145252.0
008 260417s9999 xx 000 0 und d
020 _a9786258094138
245 0 _aEve Dönüş Yolu
_cOliver Jeffers
260 _bKetebe Çocuk
999 _c1268559
_d1268559